000 00708nam a22002417a 4500
001 0074
003 DO-SdBNP
005 20180130130808.0
007 0074
008 151008b sp 1958 xxu||||| |||| 00| 0 spa d
040 _aBPMSU
_bspa
_cBPMSU
100 1 0 _aBlyton, Enid
245 1 0 _aMisterio en la feria /
_cEnid Blyton ; traducción C. Peraire del Molino; ilustración José María Bea
260 _aBarcelona, España :
_bMolino,
_c1958
300 _a207 p. :
_bil.,
_c20 cm.
490 _aAventura
_v12
700 1 0 _aPeraire Del Molino, C.,
_etr.
700 1 0 _aBea, José María,
_eil.
830 0 0 _aAventura
_n12
942 _2ddc
_cBK
945 _aInventariado, 2018/MFF
956 _aBrenda Tavárez
999 _c8350
_d8350